Chemistry Analysis and Structure, Vol- 4 / (Record no. 5469)
[ view plain ]
| 000 -LEADER | |
|---|---|
| fixed length control field | 00554cam a2200169ua 4500 |
| 020 ## - INTERNATIONAL STANDARD BOOK NUMBER | |
| ISBN | 81-204-0463-7 |
| 082 ## - DEWEY DECIMAL CLASSIFICATION NUMBER | |
| Classification number | 668.5 |
| Item number | BHA/CH |
| 100 ## - MAIN ENTRY--AUTHOR NAME | |
| Personal name | Bhattacharyya, S C . |
| 245 00 - TITLE STATEMENT | |
| Title | Chemistry Analysis and Structure, Vol- 4 / |
| 250 ## - EDITION STATEMENT | |
| Edition statement | 1 / |
| 260 ## - PUBLICATION, DISTRIBUTION, ETC. (IMPRINT) | |
| Place of publication | New Delhi : |
| Name of publisher | Oxford & IBH Publishing company , |
| Year of publication | 1989. |
| 300 ## - PHYSICAL DESCRIPTION | |
| Number of Pages | 270 ; . |
| 500 ## - GENERAL NOTE | |
| General note | 11 the International Congress of Essential Oils Fragrances and Flavours. 12 - 16 November, 1989 New Delhi, India. |
| 700 1# - ADDED ENTRY--PERSONAL NAME | |
| Personal name | Sen, N . |
| 700 1# - ADDED ENTRY--PERSONAL NAME | |
| Personal name | Sethi, K L . |
| 942 ## - ADDED ENTRY ELEMENTS (KOHA) | |
| Koha item type | Reference |
| Withdrawn status | Lost status | Damaged status | Collection code | Home library | Current library | Shelving location | Date acquired | Full call number | Accession Number | Koha item type |
|---|---|---|---|---|---|---|---|---|---|---|
| Reference | KAUAET | KAUAET | Reference | 07/04/2012 | 668.5.BHA/CH | 20013 | Reference |
